000 01083nam a22002177a 4500
003 OSt
005 20260311060000.0
008 260311b |||||||| |||| 00| 0 eng d
020 _a97804489256
040 _aDWCL GS lib
_cOC
082 _aFic. D621s 2008
100 _aDixon W. franklin
245 _aThe Secret Panel
_cFranklin W. Dixon
260 _aCanada
_bFranklin W. Dixon
_c1946
300 _aExtent- vii, 178 pages:
_billustrations ;
_c20cm
520 _aFrank and Joe investigate a "lockless" mansion belonging to a supposedly dead man, John Mead. The brothers uncover a plot involving a master criminal using Mead's advanced, hidden-lock technology to pull off robberies, ultimately tying the mansion to a kidnapping case.
650 _awritten as a letter to his son as he begins boarding school. It serves as a guide on how to navigate life, social interactions, and personal development.
650 _ahighlights several, often implicit, moral and practical lessons through the actions of Frank and Joe Hardy
700 _aFranklin W. Dixon
942 _2ddc
_cFIC.
_n0
999 _c8941
_d8941